[Event "AUTO-ADV-276"]
[Site "http://www.queenalice.com/game.php?id=118095"]
[Date "2006.10.17"]
[Round "1"]
[White "CampbellMarcel"]
[Black "nanook"]
[Result "0-1"]
[WhiteElo "1559"]
[BlackElo "1832"]

1. e4 Nc6 2. Nf3 d6 3. Bc4 Nf6 4. O-O Nxe4 5. Bxf7+ Kxf7 6. d3 Nf6 7. Ng5+ Kg8
8. c3 e5 9. Qb3+ d5 10. c4 Na5 11. Qc3 c5 12. Qxe5 Nc6 13. Qg3 h6 14. Nc3 Bd6
15. Qf3 hxg5 16. h3 g4 17. Qe3 d4 18. Qd2 dxc3 19. Qxc3 gxh3 20. g3 Qe8 21. Bg5
h2+ 22. Kh1 Qe2 23. Be3 Qf3# 0-1

[Event "Challenge"]
[Site "http://www.queenalice.com/game.php?id=124650"]
[Date "2006.11.2"]
[Round "-"]
[White "Tenna"]
[Black "nanook"]
[Result "0-1"]
[WhiteElo "1779"]
[BlackElo "1857"]

1. e4 Nc6 2. d4 e5 3. dxe5 Nxe5 4. f4 Nc6 5. Nf3 Bc5 6. Nc3 Nf6 7. Bb5 O-O 8.
Qd3 Nb4 9. Qe2 d5 10. a3 dxe4 11. Nxe4 Nxe4 12. Qxe4 Nd5 13. Bd2 c6 14. Be2 Re8
15. Qc4 Qe7 16. Ng5 Bg4 17. O-O-O Bxe2 18. Rde1 Bxc4 19. Rxe7 Rxe7 20. g3 Be2
21. h3 h6 0-1

[Event "AUTO-ADV-299"]
[Site "http://www.queenalice.com/game.php?id=127037"]
[Date "2006.11.8"]
[Round "1"]
[White "nanook"]
[Black "CampbellMarcel"]
[Result "1-0"]
[WhiteElo "1893"]
[BlackElo "1701"]

1. e4 e5 2. Nf3 Bc5 3. d4 exd4 4. Nxd4 Nf6 5. Nc3 O-O 6. Bc4 Bxd4 7. Qxd4 Nc6 8.
Qd1 Re8 9. O-O d6 10. Bg5 Ne5 11. Bb3 h6 12. Bxf6 Qxf6 13. f4 Nc6 14. Nd5 Qd8
15. Qd3 Na5 16. Ba4 c6 17. b4 b5 18. Bxb5 a6 19. Ba4 Bb7 20. bxa5 cxd5 21. Bxe8
dxe4 22. Bxf7+ Kxf7 23. Qb3+ Kg6 24. Qxb7 d5 25. f5+ Kh7 26. f6 Qh8 27. Qxd5
gxf6 28. Qxe4+ Kg7 29. Qg4+ Kf7 30. Qd7+ Kg6 31. Rf4 Rd8 32. Rg4+ Kh5 33. Qf5#
1-0

[Event "AUTO-ADV-299"]
[Site "http://www.queenalice.com/game.php?id=127038"]
[Date "2006.11.8"]
[Round "1"]
[White "CampbellMarcel"]
[Black "nanook"]
[Result "0-1"]
[WhiteElo "1693"]
[BlackElo "1901"]

1. e4 Nc6 2. Nf3 e5 3. Bc4 Bc5 4. O-O Nf6 5. Ng5 O-O 6. Nxf7 Rxf7 7. Bxf7+ Kxf7
8. d3 d5 9. exd5 Bg4 10. Qd2 Qxd5 11. c4 Qd7 12. Nc3 Rd8 13. Nd5 Nxd5 14. cxd5
Qxd5 15. Qg5 h5 16. Be3 Be7 17. Qxg4 hxg4 18. f3 g3 19. hxg3 Qxd3 20. Rfe1 Bb4
21. Rad1 Qxd1 22. Rxd1 Rxd1+ 23. Kh2 a5 24. f4 e4 25. a3 Rd3 26. axb4 Rxe3 27.
bxa5 Nxa5 28. Kh3 Re2 29. b4 Nc4 0-1

[Event "AUTO-ADV-299"]
[Site "http://www.queenalice.com/game.php?id=127039"]
[Date "2006.11.8"]
[Round "1"]
[White "nanook"]
[Black "Santista35"]
[Result "1-0"]
[WhiteElo "1880"]
[BlackElo "1793"]

1. d4 d5 2. c4 dxc4 3. e3 e6 4. Bxc4 Nf6 5. Nf3 a6 6. Nc3 Bb4 7. a3 Bxc3+ 8.
bxc3 Qe7 9. a4 Ne4 10. Ba3 Qd7 11. Qc2 Qc6 12. Ne5 Qb6 13. Qxe4 Nd7 14. Qh4 f6
15. Qh5+ g6 16. Nxg6 Nf8 17. Nxh8+ Ng6 18. Nxg6 hxg6 19. Qxg6+ Kd7 20. Qf7+ Kc6
21. d5+ 1-0

[Event "AUTO-ADV-299"]
[Site "http://www.queenalice.com/game.php?id=127040"]
[Date "2006.11.8"]
[Round "1"]
[White "Santista35"]
[Black "nanook"]
[Result "0-1"]
[WhiteElo "1798"]
[BlackElo "1890"]

1. d4 d5 2. Nc3 Nf6 3. Bf4 Bf5 4. e3 e6 5. a3 Bd6 6. Bg5 h6 7. Bxf6 Qxf6 8. Qd2
a6 9. Bd3 O-O 10. Bxf5 Qxf5 11. Nf3 Nd7 12. O-O c5 13. Qd3 Qh5 14. dxc5 Nxc5 15.
Qe2 Ne4 16. g3 Rfc8 17. Nd4 Qg6 18. Nxe4 Qxe4 19. Qd3 e5 20. Qxe4 dxe4 21. Nf5
Bf8 22. c3 g6 23. Nh4 Rd8 24. Rad1 Be7 25. Rfe1 Bxh4 0-1

[Event "AUTO-ADV-299"]
[Site "http://www.queenalice.com/game.php?id=127041"]
[Date "2006.11.8"]
[Round "1"]
[White "nanook"]
[Black "NextFuture"]
[Result "1-0"]
[WhiteElo "1882"]
[BlackElo "2179"]

1. e4 c5 2. Nf3 Nc6 3. Bb5 Nd4 4. Nxd4 cxd4 5. O-O Qb6 6. Ba4 g6 7. d3 Bg7 8.
Na3 Qb4 9. b3 a6 10. Nc4 Qc5 11. Ba3 Qc7 12. c3 b5 13. cxd4 Bxd4 14. Rc1 Qa7 15.
Bb2 bxa4 16. Bxd4 Qxd4 17. Ne3 Nf6 18. Rc4 Qd6 19. Qa1 Qb6 20. Nd5 Qb8 21. Nc7+
Kf8 22. Nxa8 Qxa8 23. Rfc1 Bb7 24. bxa4 Bc6 25. d4 Kg7 26. d5 Bb7 27. Rc7 Rd8
28. Rb1 Bxd5 29. exd5 Qxd5 30. Rd1 Qe6 31. Re1 Qd6 32. Rc4 Re8 33. Rd1 Qe6 34.
Qc1 Rb8 35. Rc8 Rb4 36. Qc2 Qe4 37. Qc3 e5 38. Qc5 g5 39. f3 Qe2 40. Qc1 h6 41.
Rc2 1-0

[Event "AUTO-ADV-299"]
[Site "http://www.queenalice.com/game.php?id=127042"]
[Date "2006.11.8"]
[Round "1"]
[White "NextFuture"]
[Black "nanook"]
[Result "0-1"]
[WhiteElo "2176"]
[BlackElo "1910"]

1. Nf3 d5 2. c4 d4 3. b4 Bg4 4. Bb2 Bxf3 5. gxf3 e6 6. Rg1 Bxb4 7. Rxg7 Nc6 8.
Qc2 Qf6 9. Rxh7 Rxh7 10. Qxh7 O-O-O 11. Na3 Qh6 12. Qxh6 Nxh6 13. Nc2 Bc5 14. d3
Nf5 15. Bc1 Rg8 16. Bf4 Bd6 17. Bg3 Rh8 18. Bxd6 Nxd6 19. h3 e5 20. e3 Nf5 21.
Rb1 Rg8 22. Ke2 Rg1 23. a3 dxe3 24. fxe3 Rh1 25. Kf2 Rh2+ 26. Bg2 Nh4 27. Ne1
Nxg2 28. Nxg2 Rxh3 29. Rd1 f6 30. d4 b6 31. Rd3 f5 32. d5 e4 33. Rc3 Rxf3+ 34.
Kg1 Ne5 35. c5 Kd7 36. a4 Ng4 37. cxb6 axb6 38. Ra3 Kd6 39. Nh4 Rg3+ 40. Kf1
Nxe3+ 41. Ke2 f4 0-1

[Event "AUTO-ADV-299"]
[Site "http://www.queenalice.com/game.php?id=157293"]
[Date "2007.1.22"]
[Round "2"]
[White "nanook"]
[Black "SVFinito"]
[Result "0-1"]
[WhiteElo "1901"]
[BlackElo "2134"]

1. e4 e5 2. Nf3 Nc6 3. Bb5 a6 4. Bxc6 dxc6 5. Nxe5 Qg5 6. Nf3 Qxg2 7. Rg1 Qh3 8.
d4 Bg4 9. Rg3 Qh5 10. h3 Be6 11. Nc3 f6 0-1

[Event "AUTO-ADV-299"]
[Site "http://www.queenalice.com/game.php?id=157294"]
[Date "2007.1.22"]
[Round "2"]
[White "SVFinito"]
[Black "nanook"]
[Result "1-0"]
[WhiteElo "2139"]
[BlackElo "1894"]

1. c4 e5 2. Nc3 Nf6 3. Nf3 Nc6 4. g3 Bb4 5. Bg2 Bxc3 6. bxc3 O-O 7. O-O Re8 8.
d3 e4 9. Nd4 Ne5 10. Bg5 h6 11. Bxf6 1-0